Sports Quiz

Random Sports or WWE Quiz

WWE Superstar Real Names 2 Quiz Stats

 Plays Quiz not verified by Sporcle

Score 0/16 Timer 11:00
0 Plays Today
Real Name Wrestler Name % Correct
Adam CopelandEdge
90.4%
Christopher IrvineChris Jericho
88%
Ashley FliehrCharlotte
83.2%
Kevin SteenKevin Owens
82.6%
Steve Borden Sting
81.4%
Taylor Rotunda Bo Dallas
77.2%
Rami SebeiSami Zayn
75.4%
Solofa FatuRikishi
71.9%
Real Name Wrestler Name % Correct
Austin WatsonXavier Woods
69.5%
Ettore Ewen Big E
67.7%
Robert SzatkowskiRob Van Dam
61.7%
Mark LoMonacoBubba Ray Dudley
61.7%
Donald HagerJack Swagger
59.9%
Joseph RuddErick Rowan
48.5%
John SmithSimon Gotch
41.9%
David HarwoodScott Dawson
37.7%

You're not logged in!

Compare scores with friends on all Sporcle quizzes.
OR
Log In

Sporcle TV

Today on Sporcle TV


Watch our educational content, quiz creation guides, and fun videos on Sporcle TV.

Show Comments

Extras

Created Aug 6, 2016ReportNominate
Tags:WWE Quiz, Real Names, superstar

Top Quizzes Today


Score Distribution

Your Account Isn't Verified!

In order to create a playlist on Sporcle, you need to verify the email address you used during registration. Go to your Sporcle Settings to finish the process.

Report this User

Report this user for behavior that violates our Community Guidelines.

Details: